Szczegóły MARC21

Abyście przez wiarę życie mieli /

003 -Nazwa inst., której nr kontr. jest w polu 001 [,]
    • @
    • Nazwa instytucji, której n kontrolny jest w polu 001
    • NUKAT
005 -DATA I CZAS OSTATNIEJ MODYFIKACJI [,]
    • @
    • pole kontrolne
    • 20241231104113.0
040 -Instytucja sporządzająca opis [ , ]
    • a
    • Instytucja, która sporządziła opis (NP)
    • KR 295/SP
    • c
    • Instytucja, która sporządziła rekord (NP)
    • KR 295/SPs
    • d
    • Instytucja, która zmodyfikowała rekord (P)
    • KR 295/BO
    • d
    • Instytucja, która zmodyfikowała rekord (P)
    • KR 295/DGR
    • d
    • Instytucja, która zmodyfikowała rekord (P)
    • WA 004/ac
041 -Język dokumentu [1, ]
    • a
    • Język tekstu (P)
    • polski
    • h
    • Język tekstu oryginalnego i/lub pośredniego (P)
    • francuski
942 -Rodzaj dokumentu [ , ]
    • c
    • Rodzaj dokumentu
    • Książka
100 -Hasło główne - nazwa osobowa [1, ]
    • a
    • Nazwa osobowa (NP)
    • Barreau, Jean-Claude
    • d
    • Daty biograficzne (NP)
    • (1933- ).
    • 9
    • KHW
    • 347139
245 -Strefa tytułu i oznaczenia odpowiedzialności [1,0]
    • a
    • Tytuł
    • Abyście przez wiarę życie mieli / Find
    • c
    • Pozostałe elementy strefy tytułu i oznaczenia odpowiedzialności (NP)
    • Jean Claude Barreau.
260 -Strefa adresu wydawniczego [ , ]
    • a
    • Miejsce wydania (P)
    • Kraków :
    • b
    • Nazwa wydawcy (P)
    • Społeczny Instytut Wydawniczy Znak,
    • c
    • Data wydania (P)
    • 1969.
300 -Strefa opisu fizycznego [ , ]
    • a
    • Określenie formy książki i/lub objętość (NP)
    • 269, [3] s. ;
    • c
    • Format (NP)
    • 20 cm.
336 -Typ zawartości [ , ]
    • a
    • Termin opisujący typ zawartości
    • Tekst
    • b
    • Kod określający zawartość
    • txt
    • 2
    • Źródło (terminu i kodu)
    • rdacontent
337 -Typ mediów [ , ]
    • a
    • Tryb odtwarzania
    • Bez urządzenia pośredniczącego
    • b
    • Kod typu mediów
    • n
    • 2
    • Źródło (terminu i kodu)
    • rdamedia
338 -Typ/rodzaj nośnika [ , ]
    • a
    • Hasło opisujące typ nośnika
    • Wolumin
    • b
    • Kod typu nośnika
    • nc
    • 2
    • Źródło (terminu i kodu)
    • rdacarrier
505 -Uwaga dot. zawartości książki [0, ]
    • a
    • Uwaga dot. zawartości książki
    • Dobra Nowina / tł. Imelda Adamska ; Wiara Poganina / tł. Józefa Hennelowa ; Rozpoznanie, czyli Czym jest wiara? / tł. Hanna Malewska.
600 -Hasło przedmiotowe w formie nazwy osobowej [0,7]
    • a
    • Nazwa osobowa
    • Jezus Chrystus
    • v
    • Określnik formalny
    • medytacje.
    • 2
    • Źródło terminu
    • kaba
    • 9
    • KHW
    • 353505
650 -Hasło przedmiotowe [ ,7]
    • a
    • Hasło przedmiotowe
    • Sakramenty
    • x
    • Określnik rzeczowy
    • Kościół katolicki
    • v
    • Określnik formalny
    • medytacje.
    • 2
    • Źródło terminu
    • kaba
    • 9
    • KHW
    • 353506
650 -Hasło przedmiotowe [ ,7]
    • a
    • Hasło przedmiotowe
    • Wiara
    • x
    • Określnik rzeczowy
    • chrześcijaństwo
    • v
    • Określnik formalny
    • medytacje.
    • 2
    • Źródło terminu
    • kaba
    • 9
    • KHW
    • 353507
700 -Hasło dodatkowe - nazwa osobowa [1,2]
    • a
    • Nazwa osobowa (NP)
    • Barreau, Jean-Claude Find
    • d
    • Daty biograficzne (NP)
    • (1933- ).
    • t
    • Tytuł ujednolicony/tytuł (NP)
    • Annonce de Jésus-Christ Find
    • l
    • Język tekstu (NP)
    • (pol.)
    • 9
    • KHW
    • 347173
700 -Hasło dodatkowe - nazwa osobowa [1,2]
    • a
    • Nazwa osobowa (NP)
    • Barreau, Jean-Claude Find
    • d
    • Daty biograficzne (NP)
    • (1933- ).
    • t
    • Tytuł ujednolicony/tytuł (NP)
    • Reconnaissance ou Qu'est-ce que la foi? Find
    • l
    • Język tekstu (NP)
    • (pol.)
    • 9
    • KHW
    • 347175
700 -Hasło dodatkowe - nazwa osobowa [1,2]
    • a
    • Nazwa osobowa (NP)
    • Barreau, Jean-Claude Find
    • d
    • Daty biograficzne (NP)
    • (1933- ).
    • t
    • Tytuł ujednolicony/tytuł (NP)
    • Foi d'un païen Find
    • l
    • Język tekstu (NP)
    • (pol.)
    • 9
    • KHW
    • 347174
700 -Hasło dodatkowe - nazwa osobowa [1, ]
    • a
    • Nazwa osobowa (NP)
    • Adamska, Imelda Find
    • d
    • Daty biograficzne (NP)
    • (1904-1976).
    • e
    • Określenie rodzaju współpracy
    • Tł.
    • 9
    • KHW
    • 347176
700 -Hasło dodatkowe - nazwa osobowa [1, ]
    • a
    • Nazwa osobowa (NP)
    • Hennelowa, Józefa Find
    • d
    • Daty biograficzne (NP)
    • (1925-2020).
    • e
    • Określenie rodzaju współpracy
    • Tł.
    • 9
    • KHW
    • 60580
700 -Hasło dodatkowe - nazwa osobowa [1, ]
    • a
    • Nazwa osobowa (NP)
    • Malewska, Hanna Find
    • d
    • Daty biograficzne (NP)
    • (1911-1983).
    • e
    • Określenie rodzaju współpracy
    • Tł.
    • 9
    • KHW
    • 99867
Lokalizacja Numer inwentarzowy Sygnatura Status udost. Uwagi nie widoczne w OPAC
BNSANS.933642/B 261retrokonwersja ANS